| 000 | 00974 a2200241 4500 | ||
|---|---|---|---|
| 003 | Nust | ||
| 005 | 20220729162304.0 | ||
| 010 | _a 97049061 | ||
| 020 | _a0890067023 (alk. paper) | ||
| 040 | _cNust | ||
| 082 | 0 | 0 | _a384.535,WEB |
| 100 | 1 |
_aWebb, William, _958125 |
|
| 245 | 1 | 0 |
_aIntroduction to wireless local loop / _cWilliam Webb. |
| 260 |
_aBoston : _bArtech House, _cc1998. |
||
| 300 |
_axv, 319 p. : _bill. ; _c24 cm. |
||
| 490 | 1 | _aArtech House mobile communications library | |
| 505 | _aPart 1.Setting The Scene (Page-1), Part 2: Why Wireless? (Page-35), Part 3: Technical Information about Wireless (Page-69), Part 4: Wireless Radio Technologies (Page-129), Part.-5: Deploying Wireless Local Loop System (Page-193). | ||
| 650 | 0 |
_aLocal loop (Telephony) _995813 |
|
| 650 | 0 |
_aTelecommunication _xSwitching systems. _995666 |
|
| 650 | 0 |
_aWireless communication systems. _9594 |
|
| 830 | 0 |
_aArtech House telecommunications library. _994181 |
|
| 942 |
_cREF _2ddc |
||
| 999 |
_c175842 _d175842 |
||